| 000 | 00649nam a2200217 a 4500 | ||
|---|---|---|---|
| 001 | 000035562 | ||
| 005 | 20200930074432.0 | ||
| 008 | 111103s1994 sp 000 0 spa d | ||
| 020 | _a8472453367 | ||
| 040 |
_aDO-SdBNP _bspa _cBNPHU |
||
| 082 |
_a299.514 _bZ64L, 1994 |
||
| 100 | 1 |
_aLie, Zie _961464 |
|
| 245 | 1 | 3 |
_aEl libro de la perfecta vacuidad / _cLie Zi; traducción Iñaki Preciado. |
| 250 | _a2a ed. | ||
| 260 |
_aBarcelona : _bKairós, _c1994. |
||
| 300 |
_a210 p. ; _c20 cm. |
||
| 504 | _aBibliografía: p. 207-209 | ||
| 650 | 4 |
_aTaoísmo _946348 |
|
| 700 | 1 | 2 |
_aPreciado, Iñaki _ctr. _961465 |
| 910 | _aValidado. Control de calidad MFF | ||
| 999 |
_c35053 _d35053 |
||